000 00556nam a2200193Ia 4500
005 20250508160835.0
008 008 250505s9999 xx 000 0 eng d
037 _aTextual
040 _aFEDL
_beng
_cFEDL
041 _aeng
_2eng
084 _a370.15, JOH
_qFEDL
100 _aJohnson David W.
_9138962
245 0 _aSocial psychology of education
260 _aNew York, USA
_bHolt, Rinehart and Winston
_c1970
300 _avi,314p.
650 _aEducation - Psychology
942 _cTEXL
_h370.15, JOH
999 _c1366918
_d1366918